Important Philosophers in Aesthetics - Statistics

General Stats
  • This quiz has been taken 5 times
  • The average score is 8 of 16
Answer Stats
Picture Hint Answer % Correct
Catharsis in Poetics Aristotle
100%
Mimesis & suspicion of art Plato
100%
Art as escape from the Will Arthur Schopenhauer
80%
standard of taste David Hume
80%
Apollonian vs. Dionysian Friedrich Nietzsche
80%
Art as stage in Absolute Spirit Georg W.F. Hegel
80%
Critique of Judgment Immanuel Kant
80%
the Origin of the Work of Art Martin Heidegger
80%
Aura & mechanical reproduction Walter Benjamin
60%
Sublime vs. beautiful (terror, vastness, emotional intensity) Edmund Burke
40%
Art as negative critique of society Theodor W. Adorno
40%
coins "aesthetics" as a discipline Alexander Gottlieb Baumgarten
0%
Artworld theory Arthur Danto
0%
Significant form (formalism) Clive Bell
0%
play drive; aesthetic experience reconciles reason & nature Friedrich Schiller
0%
The Principles of Art Robin George Collingwood
0%
No matching quizzes found
Score Distribution
Percent of People with Each Score
Percentile by Number Answered
Your Score History
You have not taken this quiz